000
00277nam a2200121Ia 4500
008
151001s9999||||xx |||||||||||||| ||und||
100
_a
बाबा कदम
245
_a
पाषाण
250
_a
1
260
_b
पै.दि.कृ.
300
_a
104
365
_b
18
999
_c
956281
_d
956278